| 000 | 00708nam a2200205 a 4500 | ||
|---|---|---|---|
| 005 | 20140412111310.0 | ||
| 008 | 010307s19uu xx 00 eng d | ||
| 050 |
_aER _bGo59 1990 |
||
| 100 | _aHutchins, Pat | ||
| 245 |
_aGood-night owl! / _cPat Hutchins. |
||
| 260 |
_aNew York : _bAladdin Paperbacks, _c1990. |
||
| 300 | _a1 v. (unp.) ; ill. | ||
| 500 | _aReprint. Originally published: New York Macmillan, 1972 | ||
| 520 | _aBecause all the other animals' noises keep him from sleeping, Owl watches for a chance to take his revenge. | ||
| 650 | _aOwls -- Juvenile fiction | ||
| 650 | _aAnimals -- Juvenile fiction | ||
| 650 | _aOwls -- Fiction | ||
| 650 | _aAnimals -- Fiction | ||
| 999 |
_c103951 _d103951 |
||